| 000 | 00484nmm a2200169Ia 4500 | ||
|---|---|---|---|
| 008 | 251105s9999||||xx |||||||||||||||||und|| | ||
| 020 | _a9788417308094 | ||
| 041 | _aspa | ||
| 100 | _aGonzález Moreno, Pedro A. | ||
| 245 | 0 | _aLa mujer de la escalera | |
| 264 |
_a[Madrid, España] : _bSiruela, _c2018 |
||
| 300 | _a384 páginas | ||
| 490 | _aNuevos Tiempos / Policiaca | ||
| 650 | _aThriller & Suspense | ||
| 856 | _uhttps://public.digitaliapublishing.com/a/68358 | ||
| 942 | _cCF | ||
| 999 |
_c78579 _d78579 |
||